Viacrozmerný filter s nemerateľnými stavmi
Popis odhadu cyklických a trendových zložiek ekonomických veličín, ako sú potenciálny produkt, rovnovážne úrokové sadzby a rovnovážny výmenný kurz. Definovanie základných indikátorov hospodárskeho cyklu a prístupov k odhadu poteciálneho produktu. Popis modelu pre odhad cyklických a trendových zložie...
Salvato in:
| Autore principale: | |
|---|---|
| Altri autori: | |
| Natura: | Capitolo di libro |
| Lingua: | slovacco |
| Soggetti: | |
| Tags: |
Nessun Tag, puoi essere il primo ad aggiungerne!!
|
MARC
| LEADER | 00000naa$a2200000$$$4500 | ||
|---|---|---|---|
| 001 | 0031080 | ||
| 005 | 20231116082320.6 | ||
| 041 | 0 | |a slo | |
| 044 | |a SK | ||
| 245 | 1 | 0 | |a Viacrozmerný filter s nemerateľnými stavmi |c Zuzana Antoničová, Juraj Huček |
| 520 | |a Popis odhadu cyklických a trendových zložiek ekonomických veličín, ako sú potenciálny produkt, rovnovážne úrokové sadzby a rovnovážny výmenný kurz. Definovanie základných indikátorov hospodárskeho cyklu a prístupov k odhadu poteciálneho produktu. Popis modelu pre odhad cyklických a trendových zložiek na základe štrukturálneho systému časových radov s nemerateľnými stavmi s využitím Kalmanovho filtračného algoritmu. Prezentácia výsledkov odhadu trendových a cyklických zložiek a porovnanie algoritmu so štandardnými prístupmi. | ||
| 610 | 2 | 0 | |a politika menová |
| 610 | 2 | 0 | |a politika hospodárska |
| 610 | 2 | 0 | |a cykly hospodárske |
| 610 | 2 | 0 | |a sadzby úrokové |
| 610 | 2 | 0 | |a kurz menový rovnovážny |
| 610 | 2 | 0 | |a kurz výmenný |
| 610 | 2 | 0 | |a Phillipsova krivka |
| 610 | 2 | 0 | |a inflácia očakávaná |
| 610 | 2 | 0 | |a odhady |
| 100 | 1 | |a Antoničová, Zuzana | |
| 700 | 1 | |a Huček, Juraj | |